000
00326nam a2200145Ia 4500
100
_a
Wartikar/P.N./ Wartikar/J.N.
942
_c
BK
654
_a
Mathematics
245
_a
Test Book of Applied Mathematics
260
_b
PVG Prakashan
_a
Pune
_c
1985
082
_a
515
_b
WAR
300
_a
716
546
_a
ENGLISH
999
_c
30102
_d
30102